000
00248nam a2200085Ia 4500
245
0
_a
The stars : glowing spheres in the sky
100
_a
JEFFERIS, David New York, [c.2009]
_9
81564
942
_c
BK
008
210819s9999 xx 000 0 und d
999
_c
291097
_d
291096